| 000 | 01102cam a22002174a 4500 | ||
|---|---|---|---|
| 005 | 20250605163943.0 | ||
| 008 | 250528s ||||||||||||||||||||||||d | ||
| 035 | _a15121 | ||
| 020 | _a273603485 | ||
| 040 |
_aGR-AtMCL _bgre _dGR-AtMCL _eAACR2 |
||
| 245 | 1 | _aEuropean Business / An Issue-Based Approach: Second Edition | |
| 250 | _a2nd | ||
| 260 |
_bPitman Publishing, _c1994 |
||
| 300 | _a310 | ||
| 520 | _aA comprehensive and general overview of the key topics for students who need to understand the complexities of the Single Market. Preface, The Development of the European Community (EC), European Community Law, The European Community and Its Member States and Regional Policy, Macroeconomic Policy Integration, Competition Policy, Workplace Issues and Changing Industrial Practices, Marketing in Europe, Strategies for Europe, Culture in Europe, Environmental Issues and Environmental Management, Central and Eastern Europe, Europe in the World Economy, Index. | ||
| 700 | 1 |
_aPrescott Kate _9972 |
|
| 700 | 1 |
_aWelford Richard _9973 |
|
| 942 | _cBK | ||
| 999 |
_c718 _d718 |
||